000 00606nam a22001817a 4500
005 20130514110853.0
010 _aENG-107032
020 _a9788120777767
_c300.00
035 _aEN-90565
037 _bDBAD/PUB
082 _a909.08
100 _aRao, B. V.
245 _aHistory of the modern world :
_cby B.V. Rao
_bas per UPSC syllabus for IAS and other civil servies examinations /
260 _aNew Delhi
_bSterling Paperbacks
_c2013
270 _aA-59, Okhla Industries Area, Phase-II
_bNew Delhi
_e110020
300 _axiv, 529p.:
_c24cm(pbk)
_bmaps
942 _2ddc
_cEN
_h909.08
_mRAO
999 _c75393
_d75393